F1 Drivers 2025 - Statistics

General Stats
  • This quiz has been taken 533 times
  • The average score is 20 of 23
Answer Stats
Hint Answer % Correct
Ferrari (UK) Hamilton
97%
Ferrari (MON) Leclerc
96%
Redbull (NED) Verstappen
96%
Mc Laren (UK) Norris
94%
Mc Laren (AUS) Piastri
93%
Mercedes (UK) Russell
93%
Redbull (JAP) Tsunoda
93%
RB (JAP) Tsunoda
93%
Mercedes (ITA) Antonelli
92%
Aston Martin (SPA) Alonso
91%
Williams (SPA) Sainz
91%
Stake (GER) Hulkenberg
88%
Aston Martin (CAN) Stroll
87%
Alpine (FRA) Gasly
84%
Williams (THA) Albon
83%
Redbull (NEZ) Lawson
83%
RB (NEZ) Lawson
83%
Haas (FRA) Ocon
81%
Haas (UK) Bearman
79%
RB (FRA) Hadjar
76%
Alpine (ARG) Colapinto
71%
Stake (BRA) Bortoleto
70%
Alpine (AUS) Doohan
58%
No matching quizzes found
Score Distribution
Percent of People with Each Score
Percentile by Number Answered
Your Score History
You have not taken this quiz